[Event "Kenta op Online"]
[Site "chess.com"]
[Date "2020.11.08"]
[Round "5.7"]
[White "Potvin, Alain-Nicolas"]
[Black "Courtemanche, Sylvain"]
[Result "0-1"]
[WhiteElo "1723"]
[BlackElo "1440"]
[PlyCount "64"]
[EventDate "2020.10.11"]
[EventType "swiss"]
[EventRounds "5"]
[EventCountry "CAN"]

1. d4 Nf6 2. Nf3 g6 3. e3 Bg7 4. Bd3 O-O 5. O-O d6 6. Nbd2 Nfd7 7. b3 e5 8. Bb2
exd4 9. exd4 Nc6 10. a3 d5 11. Re1 Nc5 12. Bf1 Ne6 13. c3 Nf4 14. Ne5 Nxe5 15.
dxe5 Bf5 16. Nf3 c5 17. Qd2 Bh6 18. Kh1 Kg7 19. Bc1 g5 20. g3 Be4 21. Bg2 Nxg2
22. Kxg2 Bxf3+ 23. Kg1 Qd7 24. Qe3 Qf5 25. h4 d4 26. cxd4 cxd4 27. Qxf3 Qxf3
28. hxg5 Bxg5 29. Bxg5 Rac8 30. Bf6+ Kg6 31. Rad1 Rc2 32. Rf1 Rxf2 0-1

[Event "Kenta op Online"]
[Site "chess.com"]
[Date "2020.11.08"]
[Round "5.8"]
[White "Morin, Louis"]
[Black "Geneau, Antoine"]
[Result "1-0"]
[WhiteElo "1871"]
[BlackElo "1550"]
[PlyCount "32"]
[EventDate "2020.10.11"]
[EventType "swiss"]
[EventRounds "5"]
[EventCountry "CAN"]

1. e4 c5 2. d4 cxd4 3. c3 dxc3 4. Nxc3 d6 5. Bc4 e6 6. Nf3 a6 7. O-O Be7 8. Qe2
b5 9. Bb3 Nc6 10. Rd1 Qc7 11. Bf4 Bb7 12. Rac1 Rd8 13. Nd5 exd5 14. exd5 Nd4
15. Nxd4 Qd7 16. Ne6 g5 1-0

[Event "Kenta op Online"]
[Site "chess.com"]
[Date "2020.11.08"]
[Round "5.9"]
[White "Cormier, Benoit"]
[Black "Montmarquette, Yves"]
[Result "1-0"]
[WhiteElo "1315"]
[BlackElo "1475"]
[PlyCount "49"]
[EventDate "2020.10.11"]
[EventType "swiss"]
[EventRounds "5"]
[EventCountry "CAN"]

1. e4 c5 2. Nf3 g6 3. d4 cxd4 4. Nxd4 Nc6 5. Nc3 Bg7 6. Be3 Nf6 7. Bc4 O-O 8.
Bb3 a5 9. a3 Ng4 10. Qxg4 Nxd4 11. O-O-O Nxb3+ 12. cxb3 d6 13. Qe2 Be6 14. Nd5
Rc8+ 15. Kb1 Bxd5 16. Rxd5 b6 17. h4 h5 18. g4 e6 19. Rb5 hxg4 20. Qxg4 Qf6 21.
e5 Qf5+ 22. Qxf5 exf5 23. exd6 Rc6 24. Rxb6 Rfc8 25. d7 1-0

[Event "Kenta op Online"]
[Site "chess.com"]
[Date "2020.11.08"]
[Round "5.10"]
[White "Loevenich, Anna"]
[Black "Imbeault, Marc"]
[Result "0-1"]
[WhiteElo "930"]
[BlackElo "1190"]
[PlyCount "40"]
[EventDate "2020.10.11"]
[EventType "swiss"]
[EventRounds "5"]
[EventCountry "CAN"]

1. d4 d5 2. Nf3 e6 3. Nc3 c5 4. Bf4 Nc6 5. e3 Nf6 6. Ne5 Be7 7. Bb5 Bd7 8. a3
O-O 9. O-O Rc8 10. Qf3 cxd4 11. exd4 Nxd4 12. Qd3 Nxb5 13. Nxb5 Qb6 14. Nxd7
Nxd7 15. Be3 Bc5 16. Bh6 gxh6 17. Kh1 Ne5 18. Qb3 Ng6 19. c4 a6 20. Nd4 Bxd4
0-1

[Event "Le Bachi-Bouzouk Online"]
[Site "Quebec CAN"]
[Date "2020.09.21"]
[Round "1"]
[White "Potvin-Giroux, Joey"]
[Black "Tremblay-Alix, Eric"]
[Result "0-1"]
[WhiteElo "1562"]
[BlackElo "1837"]
[PlyCount "56"]
[EventDate "2020.09.21"]
[EventType "team"]
[EventRounds "4"]
[EventCountry "CAN"]

1. e4 e5 2. Bc4 Nf6 3. d4 exd4 4. Nf3 Bc5 5. e5 Ne4 6. Nxd4 d5 7. exd6 Qxd6 8.
Be3 O-O 9. O-O Rd8 10. Qf3 Nf6 11. Nb5 Qb6 12. Bxc5 Qxc5 13. Qb3 a6 14. Bxf7+
Kh8 15. N5c3 Nc6 16. Na3 Nd4 17. Qc4 Qg5 18. f4 Qh4 19. Rae1 Bf5 20. Re3 c6 21.
Ne2 b5 22. Qc5 Ng4 23. h3 Nxe3 24. Nxd4 Nxf1 25. Nxf5 Qxf4 26. Nb1 Rd1 27. g3
Ne3+ 28. Kh2 Qf2# 0-1

[Event "Le Bachi-Bouzouk Online"]
[Site "Quebec CAN"]
[Date "2020.09.28"]
[Round "2"]
[White "Potvin, Alain-Nicolas"]
[Black "Grenier, Jean-Michel"]
[Result "0-1"]
[WhiteElo "1732"]
[BlackElo "1562"]
[PlyCount "104"]
[EventDate "2020.09.21"]
[EventType "team"]
[EventRounds "4"]
[EventCountry "CAN"]

1. d4 Nf6 2. e3 e6 3. Bd3 d5 4. Nf3 c5 5. c3 Nc6 6. Nbd2 Be7 7. O-O O-O 8. Qe2
b6 9. dxc5 bxc5 10. e4 Nd7 11. Re1 Bb7 12. e5 h6 13. Nf1 c4 14. Bc2 a5 15. a4
Nc5 16. Bf4 Ba6 17. Ng3 Nd3 18. Bxd3 cxd3 19. Qd2 g5 20. Be3 f5 21. exf6 Rxf6
22. Nd4 Nxd4 23. Bxd4 Rg6 24. Nh5 Qd7 25. f4 Rb8 26. Qe3 Qc7 27. f5 exf5 28.
Qxe7 Qxe7 29. Rxe7 Rxb2 30. Rd1 Re2 31. Rxe2 dxe2 32. Re1 Kf7 33. Kf2 Re6 34.
Ng7 Re4 35. g3 Rxd4 36. cxd4 Kxg7 37. Rc1 Bc4 38. Rb1 f4 39. Rb7+ Kg6 40. Ra7
Kf5 41. Rf7+ Ke4 42. gxf4 gxf4 43. Rf6 Kxd4 44. Rxf4+ Kc3 45. Ke1 d4 46. Rf8 d3
47. Rd8 Kb4 48. Rd4 Kc3 49. Rd8 Bb3 50. Rd6 Bxa4 51. Rd8 Bb5 52. Rc8+ Bc4 0-1

[Event "Le Bachi-Bouzouk Online"]
[Site "Quebec CAN"]
[Date "2020.09.28"]
[Round "2"]
[White "Tremblay-Alix, Eric"]
[Black "Arteau, Benoît"]
[Result "1-0"]
[WhiteElo "1837"]
[BlackElo "1959"]
[PlyCount "94"]
[EventDate "2020.09.21"]
[EventType "team"]
[EventRounds "4"]
[EventCountry "CAN"]

1. c4 e5 2. Nc3 Nf6 3. g3 Bb4 4. Nd5 Nxd5 5. cxd5 c6 6. Bg2 cxd5 7. Bxd5 Nc6 8.
Qb3 Qe7 9. e3 O-O 10. Nf3 Ba5 11. Qb5 a6 12. Qa4 Qd8 13. O-O Nb4 14. Be4 d5 15.
Bb1 e4 16. Nd4 Bh3 17. Re1 Rc8 18. Qd1 Qd7 19. f3 Nc6 20. Nxc6 Rxc6 21. fxe4 d4
22. a3 Rfc8 23. Ba2 dxe3 24. Bd5 exd2 25. Bxd2 Bb6+ 26. Kh1 Rc2 27. Be3 Bg4 28.
Bxf7+ Kxf7 29. Rf1+ Kg8 30. Qxd7 Bxd7 31. Bxb6 Rxb2 32. Bd4 Re2 33. Rae1 Rcc2
34. Rxe2 Rxe2 35. Bc5 h6 36. Rf8+ Kh7 37. Rf7 Bc6 38. Bd4 Bxe4+ 39. Kg1 Rg2+
40. Kf1 Kg8 41. Rxg7+ Kf8 42. Rg4 Bc6 43. Rh4 Rd2 44. Ke1 Rd3 45. Ke2 Rxa3 46.
Bc5+ Kg7 47. Bxa3 b5 1-0

[Event "Le Bachi-Bouzouk Online"]
[Site "Quebec CAN"]
[Date "2020.10.05"]
[Round "3"]
[White "Grenier, Jean-Michel"]
[Black "Tremblay-Alix, Eric"]
[Result "1/2-1/2"]
[WhiteElo "1562"]
[BlackElo "1837"]
[PlyCount "71"]
[EventDate "2020.09.21"]
[EventType "team"]
[EventRounds "4"]
[EventCountry "CAN"]

1. d4 c5 2. Nf3 Nf6 3. e3 e6 4. Be2 Nc6 5. O-O Be7 6. c4 d5 7. Nc3 O-O 8. b3
Ne4 9. Bb2 cxd4 10. Nxd4 Nxd4 11. Qxd4 Bf6 12. Qd3 Qa5 13. Na4 Bxb2 14. Nxb2
Rd8 15. Bf3 Nd2 16. Rfd1 Nxf3+ 17. gxf3 b6 18. cxd5 Rxd5 19. Qe4 Bb7 20. Rxd5
Bxd5 21. Qf4 Qc3 22. Qd4 Qxd4 23. exd4 Bxf3 24. Rc1 g6 25. Nd3 Rd8 26. Ne5 Bh5
27. Rc7 Rxd4 28. Rxa7 Rd5 29. Nc6 Rd6 30. Ne5 Rd5 31. Nxf7 Bf3 32. Nh6+ Kh8 33.
Nf7+ Kg8 34. Nh6+ Kh8 35. Nf7+ Kg8 36. Nh6+ 1/2-1/2

[Event "Le Bachi-Bouzouk Online"]
[Site "Quebec CAN"]
[Date "2020.10.05"]
[Round "3"]
[White "Potvin, Alain-Nicolas"]
[Black "Potvin-Giroux, Joey"]
[Result "0-1"]
[WhiteElo "1732"]
[BlackElo "1562"]
[PlyCount "120"]
[EventDate "2020.09.21"]
[EventType "team"]
[EventRounds "4"]
[EventCountry "CAN"]

1. d4 Nf6 2. Nf3 d5 3. e3 c6 4. Bd3 Nbd7 5. Nbd2 Qc7 6. O-O e5 7. dxe5 Nxe5 8.
Nxe5 Qxe5 9. Nf3 Qc7 10. c4 dxc4 11. Bxc4 Bd6 12. Qb3 O-O 13. Rd1 Bg4 14. h3
Bxf3 15. gxf3 b5 16. Bf1 Rad8 17. Bd2 a5 18. a4 b4 19. Rac1 h6 20. Rc2 Nd7 21.
Bg2 Nc5 22. Qc4 Nxa4 23. f4 c5 24. Qb5 Nb6 25. Qxa5 c4 26. Bxb4 Bxb4 27. Qxb4
Rxd1+ 28. Kh2 Rfd8 29. b3 g5 30. Bf3 R1d2 31. Rxd2 Rxd2 32. Qxd2 cxb3 33. Qd4
Nc4 34. Be4 gxf4 35. exf4 Qxf4+ 36. Kg2 Qg5+ 37. Kh2 Qe5+ 38. Qxe5 Nxe5 39. Kg2
Kg7 40. Kf1 Kf6 41. Ke2 Kg5 42. Kd2 Kf4 43. Bd5 b2 44. Kc2 f6 45. Kxb2 Nd3+ 46.
Kc3 Nxf2 47. Be6 f5 48. h4 Ne4+ 49. Kd4 Ng3 50. Bd7 Kg4 51. Ke5 h5 52. Be6 Kxh4
53. Kf4 Kh3 54. Bd5 h4 55. Bb7 Kh2 56. Bc6 Kg1 57. Bb7 Kf2 58. Bc6 h3 59. Bb7
h2 60. Bf3 Ne2+ 0-1

[Event "Le Bachi-Bouzouk Online"]
[Site "Quebec CAN"]
[Date "2020.10.12"]
[Round "4"]
[White "Arteau, Benoît"]
[Black "Grenier, Jean-Michel"]
[Result "1-0"]
[WhiteElo "1959"]
[BlackElo "1562"]
[PlyCount "51"]
[EventDate "2020.09.21"]
[EventType "team"]
[EventRounds "4"]
[EventCountry "CAN"]

1. e4 e6 2. Nc3 Bb4 3. Nf3 c5 4. Be2 Ne7 5. O-O O-O 6. d4 cxd4 7. Nxd4 Nbc6 8.
Qd3 d5 9. exd5 Nxd4 10. Qxd4 Bxc3 11. Qxc3 Nxd5 12. Qg3 Qf6 13. c4 Ne7 14. Bg5
Qxb2 15. Bxe7 Re8 16. Bd6 Qxe2 17. Be5 g6 18. Qg5 Kf8 19. Qf6 Qxc4 20. Qg7+ Ke7
21. Rac1 Qxf1+ 22. Kxf1 Bd7 23. Qf6+ Kf8 24. Rd1 Bb5+ 25. Kg1 Bc6 26. Qg7+ 1-0

[Event "Le Bachi-Bouzouk Online"]
[Site "Quebec CAN"]
[Date "2020.10.12"]
[Round "4"]
[White "Boileau, Dominic"]
[Black "Potvin, Alain-Nicolas"]
[Result "1-0"]
[WhiteElo "1676"]
[BlackElo "1732"]
[PlyCount "59"]
[EventDate "2020.09.21"]
[EventType "team"]
[EventRounds "4"]
[EventCountry "CAN"]

1. d4 g6 2. e4 Bg7 3. Nc3 d6 4. Be3 a6 5. Qd2 b5 6. f3 Bb7 7. O-O-O h6 8. Kb1
Nd7 9. g4 e6 10. h4 Ne7 11. Nh3 f5 12. Nf4 Nf8 13. Bg2 Qd7 14. Nd3 a5 15. e5 b4
16. Ne2 fxg4 17. Ng1 gxf3 18. Bxf3 Bxf3 19. Nxf3 Qb5 20. exd6 cxd6 21. Qg2 Nd5
22. Rhe1 Qb7 23. Qg3 Rd8 24. Bf4 Ke7 25. Ka1 Qc6 26. Re2 Nxf4 27. Nxf4 Qc4 28.
Rde1 e5 29. Nxg6+ Nxg6 30. Qxg6 1-0

[Event "Le Bachi-Bouzouk Online"]
[Site "Quebec CAN"]
[Date "2020.10.12"]
[Round "4"]
[White "Crete, Mathys"]
[Black "Cournoyer, Dominic"]
[Result "1-0"]
[WhiteElo "1098"]
[BlackElo "1947"]
[PlyCount "91"]
[EventDate "2020.09.21"]
[EventType "team"]
[EventRounds "4"]
[EventCountry "CAN"]

1. d4 Nf6 2. c4 e5 3. dxe5 Ng4 4. Bf4 Nc6 5. Nf3 Bb4+ 6. Nc3 Bxc3+ 7. bxc3 Qe7
8. Qd5 Qa3 9. Rc1 Ne7 10. Qd2 Ng6 11. h3 Nxf4 12. Qxf4 Nh6 13. g4 b6 14. Bg2
Bb7 15. O-O Qxa2 16. g5 Ng8 17. e6 fxe6 18. Ne5 O-O-O 19. Nf7 Bxg2 20. Kxg2 Ne7
21. Nxh8 Rxh8 22. Qe4 Kb8 23. Qd3 Qa4 24. Rfd1 d6 25. Qe4 Qc6 26. Qxc6 Nxc6 27.
Rd3 Rf8 28. Rf1 Rf5 29. f4 Rc5 30. Re3 Rxc4 31. Rxe6 Rxc3 32. f5 Rc5 33. h4 Re5
34. Rxe5 Nxe5 35. f6 gxf6 36. gxf6 Nf7 37. Rf3 Kc8 38. Re3 Ne5 39. Kg3 Kd7 40.
Kf4 Ke6 41. Kg5 Kf7 42. Kf5 a5 43. Rg3 a4 44. Rg7+ Kf8 45. Rxc7 b5 46. Ke6 1-0

[Event "Le Nosferatu Online"]
[Site "Quebec CAN"]
[Date "2020.12.04"]
[Round "1"]
[White "Cournoyer, Dominic"]
[Black "Grenier, Jean-Michel"]
[Result "1-0"]
[WhiteElo "1915"]
[BlackElo "1626"]
[PlyCount "165"]
[EventDate "2020.12.04"]
[EventType "swiss"]
[EventRounds "4"]
[EventCountry "CAN"]

1. c4 Nf6 2. Nc3 d6 3. Nf3 g6 4. g3 Bg7 5. Bg2 O-O 6. O-O c5 7. d4 cxd4 8. Nxd4
a6 9. b3 Qc7 10. Bb2 Nc6 11. Nd5 Nxd5 12. cxd5 Nxd4 13. Bxd4 Bh6 14. e3 e5 15.
dxe6 fxe6 16. Rc1 Qe7 17. Bb6 Rf5 18. Rc7 Qf8 19. Bxb7 Bxb7 20. Rxb7 Rb5 21.
Qc2 Rc8 22. Rc7 Rb8 23. Bd4 e5 24. Bb2 Rd8 25. Qc4+ Kh8 26. Rc6 Qg8 27. Qxg8+
Kxg8 28. Rxa6 Bf8 29. Rd1 Kf7 30. Ra7+ Be7 31. Ba3 Ke6 32. Rc1 Rd5 33. Rcc7 Re8
34. Bb4 h6 35. Kg2 g5 36. Ra5 Rd3 37. Rc6 Rd8 38. Rc3 Rd1 39. a4 Rb8 40. Ba3
Ra1 41. b4 d5 42. Ra6+ Kd7 43. Rxh6 Bxb4 44. Bxb4 Rxb4 45. Rc5 d4 46. Rxe5 dxe3
47. Rxe3 Raxa4 48. Rg6 Ra5 49. h3 Rbb5 50. Re4 Rf5 51. Re2 Rab5 52. Rh6 Ra5 53.
h4 gxh4 54. Rxh4 Ra6 55. g4 Rf4 56. Kg3 Raa4 57. f3 Rab4 58. Rh6 Ra4 59. g5 Rf8
60. Rb6 Kc7 61. Rb5 Raf4 62. Re3 Kc6 63. Rbe5 Kd6 64. Ra5 Kc6 65. g6 R4f6 66.
Rg5 Rg8 67. Kg4 Rfxg6 68. Rxg6+ Rxg6+ 69. Kf5 Rg1 70. Rd3 Rf1 71. f4 Rf2 72.
Ke5 Re2+ 73. Kf6 Rf2 74. f5 Rf1 75. Kg6 Rg1+ 76. Kf7 Rf1 77. f6 Rf2 78. Kg7
Rg2+ 79. Kf8 Rf2 80. f7 Rf1 81. Rd2 Rf3 82. Re2 Kd6 83. Ke8 1-0

[Event "Le Nosferatu Online"]
[Site "Quebec CAN"]
[Date "2020.12.04"]
[Round "1"]
[White "Michel, Andie"]
[Black "Adam, Rafael"]
[Result "0-1"]
[WhiteElo "1187"]
[BlackElo "1907"]
[PlyCount "82"]
[EventDate "2020.12.04"]
[EventType "swiss"]
[EventRounds "4"]
[EventCountry "CAN"]

1. e4 e5 2. Nf3 Nc6 3. Bc4 Bc5 4. Nc3 Nf6 5. O-O O-O 6. h3 d6 7. Bd5 Nxd5 8.
Nxd5 Be6 9. c4 Nd4 10. d3 c6 11. Ne3 f5 12. a3 a5 13. Nxd4 Bxd4 14. Nc2 fxe4
15. dxe4 Bxc4 16. Nxd4 exd4 17. Re1 c5 18. b3 Be6 19. Bb2 Qg5 20. Qd3 Rf7 21.
Qg3 Qe7 22. b4 axb4 23. axb4 Raf8 24. bxc5 dxc5 25. h4 Rf6 26. Qg5 Qc7 27. e5
Rxf2 28. Bc1 Bd5 29. h5 Rxg2+ 30. Qxg2 Bxg2 31. Kxg2 Qc6+ 32. Kg1 Qf3 33. Bd2
Qf2+ 34. Kh1 Rf3 35. Ra8+ Kf7 36. e6+ Ke7 37. Bg5+ Kd6 38. Rd8+ Kc7 39. Rd7+
Kc6 40. Rd6+ Kxd6 41. Bf4+ Rxf4 0-1

[Event "Le Nosferatu Online"]
[Site "Quebec CAN"]
[Date "2020.12.04"]
[Round "1"]
[White "Potvin, Alain-Nicolas"]
[Black "Lessard, Claude"]
[Result "0-1"]
[WhiteElo "1649"]
[BlackElo "2146"]
[PlyCount "50"]
[EventDate "2020.12.04"]
[EventType "swiss"]
[EventRounds "4"]
[EventCountry "CAN"]

1. d4 c5 2. e3 d5 3. Nf3 Nc6 4. c3 Bg4 5. Be2 e6 6. O-O Bxf3 7. Bxf3 Nf6 8. Nd2
cxd4 9. exd4 Bd6 10. Re1 O-O 11. Nf1 h6 12. h3 Qc7 13. Bd2 Rfe8 14. Rc1 Rad8
15. Qa4 b5 16. Qc2 Rc8 17. a4 Nxd4 18. Qd3 Nb3 19. Rb1 Nxd2 20. Nxd2 bxa4 21.
Qa6 a3 22. bxa3 Bf4 23. Nf1 Qxc3 24. Qxa7 Ra8 25. Qb6 Reb8 0-1

[Event "Le Nosferatu Online"]
[Site "Quebec CAN"]
[Date "2020.12.04"]
[Round "2"]
[White "Adam, Rafael"]
[Black "Cournoyer, Dominic"]
[Result "1-0"]
[WhiteElo "1907"]
[BlackElo "1915"]
[PlyCount "139"]
[EventDate "2020.12.04"]
[EventType "swiss"]
[EventRounds "4"]
[EventCountry "CAN"]

1. d4 Nf6 2. Bg5 h6 3. Bxf6 exf6 4. e3 d5 5. c4 Be7 6. Nc3 Be6 7. cxd5 Bxd5 8.
Nxd5 Qxd5 9. Ne2 Bb4+ 10. Nc3 Nd7 11. a3 Bxc3+ 12. bxc3 O-O 13. c4 Qe4 14. Qd3
f5 15. Rb1 b6 16. f3 Qh4+ 17. g3 Qg5 18. Kf2 Rfe8 19. h4 Qf6 20. Bh3 g6 21. h5
Rad8 22. hxg6 fxg6 23. Qb3 Kg7 24. Bg2 Qe7 25. f4 Nf6 26. Bf3 Ne4+ 27. Bxe4
Qxe4 28. Rhd1 Re7 29. Qd3 Qxd3 30. Rxd3 Re4 31. Rc3 Rde8 32. a4 R8e7 33. a5
R4e6 34. axb6 axb6 35. Ra1 g5 36. Ra7 gxf4 37. gxf4 Kf6 38. Ra8 Kg7 39. Rc8 Kf7
40. Rh8 Kg7 41. Rd8 Kf7 42. d5 Rf6 43. Ra3 Rg6 44. Raa8 Rg7 45. Rf8+ Kg6 46.
Rad8 Re4 47. d6 Rxc4 48. dxc7 Rgxc7 49. Rd6+ Kg7 50. Rxf5 R4c6 51. Rd1 Rc5 52.
Rfd5 Rxd5 53. Rxd5 Rc6 54. Rb5 Kg6 55. Kf3 Rd6 56. Kg4 Rc6 57. e4 Rd6 58. f5+
Kg7 59. Kf4 Rc6 60. Rb4 Rd6 61. e5 Rc6 62. Ke4 Kf7 63. Kd5 Rc5+ 64. Kd6 h5 65.
Rxb6 Rc1 66. Rb7+ Kf8 67. Rh7 Rd1+ 68. Ke6 Rh1 69. f6 Kg8 70. f7+ 1-0

[Event "Le Nosferatu Online"]
[Site "Quebec CAN"]
[Date "2020.12.04"]
[Round "2"]
[White "Adam, Sebastien"]
[Black "Potvin, Alain-Nicolas"]
[Result "1-0"]
[WhiteElo "1327"]
[BlackElo "1649"]
[PlyCount "97"]
[EventDate "2020.12.04"]
[EventType "swiss"]
[EventRounds "4"]
[EventCountry "CAN"]

1. e4 d6 2. d4 Nf6 3. Nc3 g6 4. Nf3 Bg7 5. h3 O-O 6. Bd3 Nc6 7. Be3 e5 8. d5
Ne7 9. Qd2 c6 10. Bc4 b5 11. Bb3 b4 12. Ne2 c5 13. Ng3 a5 14. c4 Ba6 15. a4 Nd7
16. Bh6 f5 17. Bxg7 Kxg7 18. Ng5 Kh8 19. Ne6 Qb6 20. Nxf8 Rxf8 21. Qg5 Qd8 22.
exf5 Nxf5 23. Qxd8 Rxd8 24. Nxf5 gxf5 25. Ba2 Nf6 26. f3 Rg8 27. Kf2 Nh5 28. b3
Nf4 29. Rhg1 Bc8 30. Bb1 h5 31. Ra2 h4 32. Ke3 Nxh3 33. Rh1 f4+ 34. Ke2 Rxg2+
35. Kf1 Rg3 36. Be4 Kg7 37. Rah2 Kf6 38. Ke2 Kg5 39. Ke1 Bd7 40. Kf1 Bc8 41.
Rg2 Bd7 42. Rgh2 Kh5 43. Ke2 Ng1+ 44. Kf2 Nh3+ 45. Ke1 Rg1+ 46. Rxg1 Nxg1 47.
Rg2 Nh3 48. Rg8 Ng5 49. Rh8+ 1-0

[Event "Le Nosferatu Online"]
[Site "Quebec CAN"]
[Date "2020.12.04"]
[Round "2"]
[White "Grenier, Jean-Michel"]
[Black "Michel, Andie"]
[Result "1-0"]
[WhiteElo "1626"]
[BlackElo "1187"]
[PlyCount "83"]
[EventDate "2020.12.04"]
[EventType "swiss"]
[EventRounds "4"]
[EventCountry "CAN"]

1. d4 d5 2. c4 Nf6 3. Nc3 Bf5 4. Nf3 e6 5. Bg5 Be7 6. e3 Nbd7 7. Be2 O-O 8. O-O
a6 9. cxd5 exd5 10. Rc1 c6 11. a3 Be4 12. Nxe4 Nxe4 13. Bxe7 Qxe7 14. Bd3 h6
15. Nd2 Ndf6 16. Qc2 Rfe8 17. Nf3 Rac8 18. Rce1 c5 19. dxc5 Rxc5 20. Qb1 Rec8
21. Rc1 Qc7 22. Rxc5 Qxc5 23. Rd1 Ng4 24. Bxe4 dxe4 25. Nd4 Qe5 26. g3 h5 27.
Ne2 h4 28. Nf4 hxg3 29. hxg3 b5 30. Rd5 Qe6 31. Nxe6 fxe6 32. Rd4 Nf6 33. g4 e5
34. Rd6 Ra8 35. g5 Ng4 36. Qxe4 Rc8 37. Qxg4 Rc1+ 38. Kg2 Rc2 39. Rd8+ Kf7 40.
Qf5+ Ke7 41. Rd7+ Ke8 42. Qf7# 1-0

[Event "Le Nosferatu Online"]
[Site "Quebec CAN"]
[Date "2020.12.04"]
[Round "2"]
[White "Lessard, Claude"]
[Black "Mercure, Gilbert"]
[Result "1-0"]
[WhiteElo "2146"]
[BlackElo "1804"]
[PlyCount "38"]
[EventDate "2020.12.04"]
[EventType "swiss"]
[EventRounds "4"]
[EventCountry "CAN"]

1. d4 d5 2. c4 Nc6 3. Nc3 dxc4 4. e3 e5 5. d5 Na5 6. Qa4+ c6 7. dxc6 Nxc6 8.
Bxc4 Bd7 9. Nf3 Bb4 10. O-O Bxc3 11. bxc3 Nf6 12. Ba3 Na5 13. Bb5 Qb6 14. Bxd7+
Nxd7 15. Nxe5 O-O-O 16. Nxf7 Nc5 17. Bxc5 Qxc5 18. Nxd8 Rxd8 19. Rfd1 Re8 1-0

[Event "Le Nosferatu Online"]
[Site "Quebec CAN"]
[Date "2020.12.04"]
[Round "3"]
[White "Adam, Rafael"]
[Black "Lessard, Claude"]
[Result "0-1"]
[WhiteElo "1907"]
[BlackElo "2146"]
[PlyCount "68"]
[EventDate "2020.12.04"]
[EventType "swiss"]
[EventRounds "4"]
[EventCountry "CAN"]

1. d4 Nf6 2. Bg5 h6 3. Bxf6 exf6 4. e3 d5 5. c4 dxc4 6. Bxc4 Bd6 7. Nf3 O-O 8.
O-O Nd7 9. Nc3 f5 10. Rc1 c6 11. Bd3 Nf6 12. Qc2 g6 13. Na4 Be6 14. a3 Bd5 15.
Nd2 h5 16. Nc3 Bxh2+ 17. Kh1 Bd6 18. Nxd5 Nxd5 19. Nf3 Kg7 20. Bc4 Nf6 21. Bd3
Rh8 22. b4 h4 23. Qb2 Qe7 24. Qb3 a5 25. Rb1 axb4 26. axb4 Nd5 27. b5 Ra3 28.
Qd1 Nc3 29. Qc2 Nxb1 30. Rxb1 cxb5 31. Bxb5 h3 32. g3 Rha8 33. Bc4 Rc8 34. Qe2
Rxc4 0-1

[Event "Le Nosferatu Online"]
[Site "Quebec CAN"]
[Date "2020.12.04"]
[Round "3"]
[White "Cournoyer, Dominic"]
[Black "Adam, Sebastien"]
[Result "1/2-1/2"]
[WhiteElo "1915"]
[BlackElo "1327"]
[PlyCount "87"]
[EventDate "2020.12.04"]
[EventType "swiss"]
[EventRounds "4"]
[EventCountry "CAN"]

1. c4 Nf6 2. Nc3 c5 3. Nf3 Nc6 4. d4 cxd4 5. Nxd4 e6 6. g3 Be7 7. Bg2 O-O 8.
Ncb5 a6 9. Nxc6 dxc6 10. Nc3 Qxd1+ 11. Nxd1 Rd8 12. Nc3 Bb4 13. Bd2 Ra7 14. a3
Bxc3 15. Bxc3 c5 16. O-O b5 17. Rfd1 Rxd1+ 18. Rxd1 Rd7 19. Rxd7 Bxd7 20. Bb7
bxc4 21. Bxf6 gxf6 22. Bxa6 c3 23. bxc3 Kf8 24. f4 Ke8 25. Kf2 Kd8 26. Ke3 Kc7
27. Kd3 Kb6 28. Bc4 Ka5 29. Bb3 Bb5+ 30. c4 Ba4 31. Kc3 Bxb3 32. Kxb3 f5 33. h3
h5 34. h4 f6 35. e3 e5 36. Ka2 Ka4 37. Kb2 e4 38. Ka2 Ka5 39. Kb3 Kb6 40. Ka4
Ka6 41. Kb3 Ka5 42. Ka2 Ka4 43. Kb2 Ka5 44. Kb3 1/2-1/2

[Event "Le Nosferatu Online"]
[Site "Quebec CAN"]
[Date "2020.12.04"]
[Round "3"]
[White "Mercure, Gilbert"]
[Black "Grenier, Jean-Michel"]
[Result "0-1"]
[WhiteElo "1804"]
[BlackElo "1626"]
[PlyCount "46"]
[EventDate "2020.12.04"]
[EventType "swiss"]
[EventRounds "4"]
[EventCountry "CAN"]

1. e4 e6 2. d4 d5 3. e5 c5 4. c3 Nc6 5. Nf3 f6 6. Bb5 Bd7 7. Bxc6 Bxc6 8. O-O
Be7 9. Bf4 Qb6 10. Qb3 Qxb3 11. axb3 cxd4 12. cxd4 fxe5 13. Bxe5 Nf6 14. Nc3 a6
15. Rfe1 Bd7 16. h4 h6 17. h5 O-O 18. Bxf6 Rxf6 19. Ne5 Be8 20. Ng4 Rf4 21. f3
Rxd4 22. Rxe6 Bc5 23. Kh1 Bxh5 0-1

[Event "Le Nosferatu Online"]
[Site "Quebec CAN"]
[Date "2020.12.04"]
[Round "3"]
[White "Potvin, Alain-Nicolas"]
[Black "Michel, Andie"]
[Result "1/2-1/2"]
[WhiteElo "1649"]
[BlackElo "1187"]
[PlyCount "72"]
[EventDate "2020.12.04"]
[EventType "swiss"]
[EventRounds "4"]
[EventCountry "CAN"]

1. d4 d5 2. Nf3 Nf6 3. e3 c6 4. Bd3 Bg4 5. Nbd2 Nbd7 6. O-O e5 7. dxe5 Nxe5 8.
Be2 Ng6 9. h3 Be6 10. c4 Bc5 11. a3 a5 12. Ng5 O-O 13. Nxe6 fxe6 14. Nf3 dxc4
15. Bxc4 Kh8 16. Bxe6 Bb6 17. Bd2 Ne4 18. Qb3 Nxd2 19. Nxd2 Qxd2 20. Qxb6 Ne5
21. Rad1 Qe2 22. Ba2 h6 23. Rfe1 Qxf2+ 24. Kh1 Qg3 25. Qxb7 Ng6 26. Qxc6 Nh4
27. Bd5 Rac8 28. Qe6 Rc2 29. Rf1 Rcf2 30. Rxf2 Qxf2 31. b4 Nf5 32. Rg1 Ng3+ 33.
Kh2 Nf1+ 34. Kh1 Ng3+ 35. Kh2 Nf1+ 36. Kh1 Ng3+ 1/2-1/2

[Event "Le Nosferatu Online"]
[Site "Quebec CAN"]
[Date "2020.12.04"]
[Round "4"]
[White "Lessard, Claude"]
[Black "Grenier, Jean-Michel"]
[Result "1-0"]
[WhiteElo "2146"]
[BlackElo "1626"]
[PlyCount "35"]
[EventDate "2020.12.04"]
[EventType "swiss"]
[EventRounds "4"]
[EventCountry "CAN"]

1. d4 Nf6 2. c4 e6 3. Nf3 d5 4. Bg5 Be7 5. Bxf6 Bxf6 6. e3 O-O 7. Nc3 b6 8.
cxd5 exd5 9. Bd3 Ba6 10. O-O Bxd3 11. Qxd3 Nd7 12. Nxd5 c5 13. Nxf6+ Qxf6 14.
Rac1 Rad8 15. h3 cxd4 16. Qxd4 Qe6 17. Rfd1 Qe7 18. Rc7 1-0

[Event "Le Nosferatu Online"]
[Site "Quebec CAN"]
[Date "2020.12.04"]
[Round "4"]
[White "Michel, Andie"]
[Black "Adam, Sebastien"]
[Result "0-1"]
[WhiteElo "1187"]
[BlackElo "1327"]
[PlyCount "62"]
[EventDate "2020.12.04"]
[EventType "swiss"]
[EventRounds "4"]
[EventCountry "CAN"]

1. e4 c6 2. Nf3 d5 3. exd5 cxd5 4. Bb5+ Nc6 5. O-O a6 6. Bxc6+ bxc6 7. d4 Bg4
8. Nbd2 Nf6 9. h3 Bh5 10. c4 e6 11. Qa4 Qc7 12. Ne5 Be2 13. Re1 Bxc4 14. Qxc6+
Qxc6 15. Nxc6 Bd6 16. Nxc4 dxc4 17. a3 Nd7 18. d5 Rc8 19. Na5 Be5 20. dxe6 fxe6
21. Rb1 O-O 22. g3 c3 23. bxc3 Bxc3 24. Rxe6 Bxa5 25. Rxa6 Bb6 26. Kh1 Bxf2 27.
Bg5 Bxg3 28. a4 Rc2 29. Kg1 Ne5 30. Bf6 Nf3+ 31. Kf1 Rf2# 0-1

[Event "Le Nosferatu Online"]
[Site "Quebec CAN"]
[Date "2020.12.04"]
[Round "4"]
[White "Potvin, Alain-Nicolas"]
[Black "Adam, Rafael"]
[Result "1-0"]
[WhiteElo "1649"]
[BlackElo "1907"]
[PlyCount "49"]
[EventDate "2020.12.04"]
[EventType "swiss"]
[EventRounds "4"]
[EventCountry "CAN"]

1. d4 Nf6 2. Nf3 d5 3. Nbd2 c5 4. e3 e6 5. b3 cxd4 6. exd4 Nc6 7. Bb2 Bd6 8.
Bd3 O-O 9. a3 b6 10. O-O Bb7 11. Ne5 Ne7 12. f4 Rc8 13. Qf3 Nd7 14. Qh3 f5 15.
Ndf3 Nxe5 16. fxe5 Bb8 17. Ng5 h6 18. Nxe6 Qe8 19. Nxf8 Qxf8 20. Bxf5 Nxf5 21.
Rxf5 Qe8 22. Qd3 Qe6 23. Raf1 Re8 24. a4 Bc7 25. Ba3 1-0